| 000 | 00498nam a2200205Ia 4500 | ||
|---|---|---|---|
| 003 | OSt | ||
| 005 | 20220928144211.0 | ||
| 006 | a|||||r|||| 00| 0 | ||
| 007 | ta | ||
| 008 | 220927b |||||||| |||| 00| 0 eng d | ||
| 024 | _a63623 | ||
| 037 | _cTextual | ||
| 040 |
_aSDCL _cSDCL _beng |
||
| 041 |
_2eng _aeng |
||
| 082 | _aV5'N1<-M7, M 1 | ||
| 100 |
_aMahajan _9507378 |
||
| 245 | 0 | _aEurope ka ithaas. | |
| 942 |
_hV5'N1<-M7, M 1 _cTEXL _2CC |
||
| 999 |
_c826739 _d826739 |
||